000 01781cam a2200157 4500500
005 20260322002222.0
041 _afre
042 _adc
100 1 0 _aLevy, Ophir
_eauthor
245 0 0 _aClaude Berri or the thwarted destiny of a furrier’s son and grandson
260 _c2024.
500 _a47
520 _aIn many ways, the career of director-producer Claude Berri is reminiscent of the founders of the great Hollywood studios. The son of a Jewish immigrant couple from Poland and Romania, Claude Beri Langmann was born in Paris in 1934. Breaking away from the professional environment of many modest Jews in Paris, including his father, Claude Berri drew on his own personal experience (hiding as a child during the war, spending his teenage years in his father’s fur workshop, torn between conformity to Jewish tradition and the pleasures of modern life) to make his first films : Le vieil homme et l’enfant (1967), Mazel Tov ou Le Mariage (1968), Le Cinéma de Papa (1970). Alongside his successful career as a filmmaker (Tchao Pantin, Jean de Florette, Manon des sources, Germinal), he became, through his company Renn Productions, the producer of films by leading auteurs (Garrel, Pialat, Polanski, Chéreau, Demy, Forman, Sautet) as well as huge popular successes (L’Ours, Les Trois frères, Astérix, Bienvenue chez les Ch’tis). While hoping to contribute to a better understanding of the extraordinary career of the famous filmmaker-producer, to whom no monograph has yet been devoted, this article highlights the importance of his Jewishness in his artistic and professional career.
786 0 _nArchives Juives | 57 | 2 | 2024-10-17 | p. 69-91
856 4 1 _uhttps://shs.cairn.info/journal-archives-juives-2024-2-page-69?lang=en&redirect-ssocas=7080
999 _c1721455
_d1721455